Statistiche per Bandiere regionali d'Italia

Clicka qui per fare il quiz!

Statistiche generali

  • Questo quiz è stato fatto 4.260 volte
  • Il punteggio medio è 11 su 20

Statistiche sulle risposte

Risposta% Corretto
Sardegna
92%
Sicilia
88%
Lombardia
77%
Veneto
67%
Piemonte
66%
Campania
58%
Emilia-Romagna
57%
Marche
53%
Toscana
52%
Lazio
48%
Puglia
46%
Trentino-Alto Adige
45%
Friuli-Venezia Giulia
43%
Calabria
41%
Valle d'Aosta
41%
Basilicata
40%
Liguria
38%
Molise
37%
Abruzzo
36%
Umbria
36%

Distribuzione punteggi

Percentile per numero di risposta

Percentuale di utenti per punteggio

I tuoi punteggi nel tempo

Non hai fatto questo quiz